Recolectemos café maduro

Guardado en:
Bibliografiske detaljer
Institution som forfatter: Oficina del Café
Format: Texto
Udgivet: San José: Oficina del Café
Tags: Tilføj Tag
Ingen Tags, Vær først til at tagge denne postø!

MARC

LEADER 00000 a a2200000 04500
001 20965
003
040
090 |a 090000  
110 |a Oficina del Café  
245 |a Recolectemos café maduro  
260 |a San José:   |b Oficina del Café  
300 |a 130 p.  
999 |c 15394  |d 15394